Diccionario de medicina, cirujía [sic], farmacia, medicina legal, física, química, botánica, mineralogía, zoología y veterinaria / (Record no. 32159)

MARC details
000 -LEADER
campo de control de longitud fija 01073nam a2200265 i 4500
001 - NÚMERO DE CONTROL
campo de control 32159
003 - IDENTIFICADOR DE NÚMERO DE CONTROL
campo de control ES-MaACL
005 - FECHA Y HORA DE LA ÚLTIMA TRANSACCIÓN
campo de control 20230906154525.0
007 - CAMPO FIJO DE DESCRIPCIÓN FÍSICA--INFORMACIÓN GENERAL
campo de control de longitud fija t|
008 - DATOS DE LONGITUD FIJA--INFORMACIÓN GENERAL
campo de control de longitud fija 030227s1860 fr a d 001 0 spa d
080 ## - NÚMERO DE LA CLASIFICACIÓN DECIMAL UNIVERSAL
Número de la Clasificación Decimal Universal 5/6(038)
245 00 - MENCIÓN DEL TÍTULO
Título Diccionario de medicina, cirujía [sic], farmacia, medicina legal, física, química, botánica, mineralogía, zoología y veterinaria /
Mención de responsabilidad, etc. sacado de las obras de Nysten, Bricheteau, O. Henry, J. Briand, Jourdan etc. ; aumentado... y revisado por... José Castells.
260 ## - PUBLICACIÓN, DISTRIBUCIÓN, ETC.
Lugar de publicación, distribución, etc. París :
Nombre del editor, distribuidor, etc. Librería de Rosa y Bouret,
Fecha de publicación, distribución, etc. 1860.
300 ## - DESCRIPCIÓN FÍSICA
Extensión 2 v. :
Otras características físicas il. ;
Dimensiones 17 cm.
650 #4 - PUNTO DE ACCESO ADICIONAL DE MATERIA--TÉRMINO DE MATERIA
Término de materia o nombre geográfico como elemento de entrada Ciencias-
Subdivisión de forma Diccionarios.
9 (RLIN) 10973
650 #4 - PUNTO DE ACCESO ADICIONAL DE MATERIA--TÉRMINO DE MATERIA
Término de materia o nombre geográfico como elemento de entrada Medicina-
Subdivisión de forma Diccionarios.
9 (RLIN) 14897
650 #4 - PUNTO DE ACCESO ADICIONAL DE MATERIA--TÉRMINO DE MATERIA
Término de materia o nombre geográfico como elemento de entrada Farmacia-
Subdivisión de forma Diccionarios.
9 (RLIN) 164849
650 #4 - PUNTO DE ACCESO ADICIONAL DE MATERIA--TÉRMINO DE MATERIA
Término de materia o nombre geográfico como elemento de entrada Física-
Subdivisión de forma Diccionarios.
9 (RLIN) 165122
650 #4 - PUNTO DE ACCESO ADICIONAL DE MATERIA--TÉRMINO DE MATERIA
Término de materia o nombre geográfico como elemento de entrada Química-
Subdivisión de forma Diccionarios.
9 (RLIN) 16626
650 #4 - PUNTO DE ACCESO ADICIONAL DE MATERIA--TÉRMINO DE MATERIA
Término de materia o nombre geográfico como elemento de entrada Botánica-
Subdivisión general Diccionarios.
9 (RLIN) 150273
650 #4 - PUNTO DE ACCESO ADICIONAL DE MATERIA--TÉRMINO DE MATERIA
Término de materia o nombre geográfico como elemento de entrada Mineralogía-
Subdivisión de forma Diccionarios.
9 (RLIN) 159350
650 #4 - PUNTO DE ACCESO ADICIONAL DE MATERIA--TÉRMINO DE MATERIA
Término de materia o nombre geográfico como elemento de entrada Veterinaria-
Subdivisión de forma Diccionarios.
9 (RLIN) 174185
700 1# - ENTRADA AGREGADA--NOMBRE PERSONAL
Nombre de persona Castells, José.
9 (RLIN) 36588
852 4# - LOCALIZACIÓN
Ubicación ES-MaACL
Número de control de estantería F-12895-96
Holdings
Estatus retirado Estado de pérdida Estado de daño No para préstamo Colección Biblioteca de origen Biblioteca actual Ubicación en estantería Fecha de adquisición Fuente de adquisición Total de préstamos Signatura topográfica completa Código de barras Visto por última vez Precio de reemplazo Tipo de ítem Koha
        Colección de referencia Biblioteca del Ateneo de Madrid Biblioteca del Ateneo de Madrid Sala Pecera Planta 2 17/01/2008     F-12895-96 1033288 23/02/2023 23/02/2023 Libro impreso antiguo